000 00302nam a2200133Ia 4500
008 230312s9999||||xx |||||||||||||| ||und||
082 _a891.4
_bEKR-T
100 _aEkrem dumanli
245 0 _aTime to talk
260 _bHarmony
_apakisrtan
_c2015
300 _a94
650 _aLiterature
942 _cBK
999 _c14754
_d14754